| 000 | 00000nam 2200000za 4500 |
| 001 | 9.860077 |
| 003 | CaOODSP |
| 005 | 20250217152835 |
| 007 | cr ||||||||||| |
| 008 | 181210s2018 quca o f000 0 oji d |
| 020 | |a9780660270784 |
| 040 | |aCaOODSP|bfre |
| 043 | |an-cn--- |
| 086 | 1 |aEm4-18/2017Oji-PDF|zEm4-18/2017Roj-PDF |
| 245 | 00|a[Bon d'études canadien |h[ressource électronique] : |bobtenez 500 $ pour l’avenir de votre enfant]. |
| 250 | |a[Édition ojibwé]. |
| 260 | |a[Gatineau, QC] : |bEmploi et développement social Canada, |cc2018. |
| 300 | |a[2] p. : |bill. en coul. |
| 500 | |aTitre de la couv. |
| 500 | |aTitre français fourni par l’éditeur. |
| 500 | |aPublié aussi en français sous le titre : Bon d'études canadien : obtenez 500 $ pour l’avenir de votre enfant. |
| 530 | |aÉgalement publ. en version imprimée. |
| 546 | |aTexte en ojibwé. |
| 692 | 07|2gccst|aEnseignement postsecondaire |
| 692 | 07|2gccst|aSubvention |
| 710 | 1 |aCanada. |bEmploi et développement social Canada. |
| 775 | 08|tBon d'études canadien |w(CaOODSP)9.838789 |
| 776 | 0#|tBon d'études canadien : |w(CaOODSP)9.860078 |
| 791 | |t[Canada Learning Bond |eeng|w(CaOODSP)9.858399 |
| 856 | 40|qPDF|s519 Ko|uhttps://publications.gc.ca/collections/collection_2018/edsc-esdc/Em4-18-2017-oji.pdf |